logo

Bir Sreshtho Munshi Abdur Rouf Library
Jhenaidah Cadet College

ইতিহাস প্রথম পত্র একাদশ-দ্বাদশ শ্রেণী / (Record no. 11437)

MARC details
000 -LEADER
fixed length control field 00799nam a2200229 a 4500
001 - CONTROL NUMBER
JCCL Control Number 11437
003 - CONTROL NUMBER IDENTIFIER
JCCL marc code BD-JhCC
005 - DATE AND TIME OF LATEST TRANSACTION
control field 20190917134018.0
008 - FIXED-LENGTH DATA ELEMENTS--GENERAL INFORMATION
fixed length control field 190916s20132019bg |||| ||a| 000 0 ben d
035 ## - SYSTEM CONTROL NUMBER
system control number (BD-JhCC)11437
040 ## - CATALOGING SOURCE
Original cataloging agency BD-JhCC
Modifying agency BD-JhCC
041 ## - LANGUAGE CODE
Language code of Book ben
082 ## - DEWEY DECIMAL CLASSIFICATION NUMBER
Author mark and Year SAR 2019
Classification number 954
100 ## - MAIN ENTRY--PERSONAL NAME
Personal name সরকার, জে. এম. বেলাল হোসেন
245 ## - TITLE STATEMENT
Title ইতিহাস প্রথম পত্র একাদশ-দ্বাদশ শ্রেণী /
Remainder of title জে. এম. বেলাল হোসেন সরকার ।
260 ## - PUBLICATION, DISTRIBUTION, ETC. (IMPRINT)
Place of publication, distribution, etc ঢাকা:
Name of publisher, distributor, etc হাসান বুক হাউস;
Date of publication, distribution, etc ২০১৯.
300 ## - PHYSICAL DESCRIPTION
Pagination veries p. :
Dimensions 24 cm.
650 ## - SUBJECT ADDED ENTRY--TOPICAL TERM
Topical term or geographic name as entry element South Asia
650 ## - SUBJECT ADDED ENTRY--TOPICAL TERM
Topical term or geographic name as entry element Bangaldesh
Geographic subdivision Bangaldesh
942 ## - ADDED ENTRY ELEMENTS (KOHA)
Source of classification or shelving scheme Dewey Decimal Classification
Koha item type Books
Koha issues (borrowed), all copies 1
Holdings
Source of classification or shelving scheme Damaged status Not for loan Home library Current library Shelving location Date of accession Cost, normal purchase price Total Checkouts Full call number Barcode Date last seen Date checked out Copy number Koha item type
Dewey Decimal Classification     JCC Rouf Library JCC Rouf Library General Stacks 09/16/2019 110.00 3 954 SAR 2019 15650 07/01/2025 06/23/2025 C-1 Books

JCC Library | Contacts | JCC Home

Last Update on 23 September 2017
Copyright @ 2017-2020 JCC Rouf Library
Rouf Library, Jhenidah Cadet College (JCC), Bangladesh